| Tag |
First Indicator |
Second Indicator |
Subfields |
| LEADER |
00000cam a2200000 i 4500 |
| 001 |
in00003540513 |
| 005 |
20210305085319.0 |
| 006 |
m o d |
| 007 |
cr zn||||uuuuu |
| 008 |
130829t20012001enkad ob 001 0 eng d |
| 020 |
|
|
|z 0851995691
|
| 035 |
|
|
|a (CtWfDGI)20013135502
|
| 035 |
|
|
|a 4900456
|
| 040 |
|
|
|a CtWfDGI
|b eng
|e rda
|c CtWfDGI
|d UtOrBLW
|
| 050 |
1 |
4 |
|a SB990
|b .I56 2001eb
|
| 082 |
0 |
4 |
|a 363.7/8
|2 23
|
| 245 |
0 |
0 |
|a Invasive alien species :
|b a toolkit of best prevention and management practices /
|c edited by Rüdiger Wittenberg and Matthew J.W. Cock.
|
| 264 |
|
1 |
|a Wallingford, Oxfordshire, UK :
|b CABI Publishing on behalf of the Global Invasive Species Programme,
|c 2001.
|
| 264 |
|
4 |
|c ©2001
|
| 300 |
|
|
|a 1 online resource (xii, 228 pages) :
|b illustrations, charts
|
| 336 |
|
|
|a text
|b txt
|2 rdacontent
|
| 337 |
|
|
|a computer
|b c
|2 rdamedia
|
| 338 |
|
|
|a online resource
|b cr
|2 rdacarrier
|
| 500 |
|
|
|a "The toolkit was designed and partially drafted at an international workshop held in Kuala Lumpur, 22-27 March, 1999".--Preface.
|
| 504 |
|
|
|a Includes bibliographical references (page 228) and indexes.
|
| 505 |
0 |
|
|a Introduction -- Building strategy and policy -- Prevention -- Early detection -- Assessment and management -- How to use this toolkit.
|
| 506 |
|
|
|a Access limited to subscribing institution.
|
| 520 |
3 |
|
|a This toolkit provides an overview, advice by example, and sources for further information on the best management practices for invasive alien species, to assist and direct those involved with biodiversity conservation and land management. An introductory chapter is followed by a chapter on building strategy and policy for national plans. Methods for the prevention of invasive species and the risk-analysis process, and methods for early detection of new invasives are reviewed. Different management approaches are broadly reviewed. The toolkit contains many case studies covering a variety of ecosystems (terrestrial, freshwater, marine), including examples from traditional sectors such as agriculture and forestry, and features many different groups of invasive species: mammals, molluscs, insects, reptiles, amphibians, fish and other aquatic organisms, weeds, trees, and plant pathogens and includes released biological control agents. Whilst the toolkit is global in applicability, there is a small island focus, which recognizes that the impact of invasive alien species on biodiversity is greater in small island systems.
|
| 588 |
|
|
|a Title from PDF title page (viewed August 29, 2013).
|
| 650 |
|
0 |
|a Nonindigenous pests
|x Control.
|
| 650 |
|
4 |
|a Animal Ecology.
|
| 650 |
|
4 |
|a Aquatic Biology and Ecology.
|
| 650 |
|
4 |
|a Biological Resources (General)
|
| 650 |
|
4 |
|a Forests and Forest Trees (Biology and Ecology)
|
| 650 |
|
4 |
|a Other Control Measures.
|
| 650 |
|
4 |
|a Pathogen, Pest, Parasite and Weed Management (General)
|
| 650 |
|
4 |
|a Plant Ecology.
|
| 650 |
|
4 |
|a Plant Pests, (New March 2000)
|
| 650 |
|
4 |
|a Viral, Bacterial and Fungal Diseases of Plants, (New March 2000)
|
| 650 |
|
4 |
|a Weeds and Noxious Plants.
|
| 650 |
|
7 |
|a Amphibia.
|2 cabt
|
| 650 |
|
7 |
|a Aquatic organisms.
|2 cabt
|
| 650 |
|
7 |
|a Arthropod pests.
|2 cabt
|
| 650 |
|
7 |
|a Biodiversity.
|2 cabt
|
| 650 |
|
7 |
|a Biological control agents.
|2 cabt
|
| 650 |
|
7 |
|a Conservation.
|2 cabt
|
| 650 |
|
7 |
|a Detection.
|2 cabt
|
| 650 |
|
7 |
|a Fishes.
|2 cabt
|
| 650 |
|
7 |
|a Forest pests.
|2 cabt
|
| 650 |
|
7 |
|a Introduced species.
|2 cabt
|
| 650 |
|
7 |
|a Introduction.
|2 cabt
|
| 650 |
|
7 |
|a Invasion.
|2 cabt
|
| 650 |
|
7 |
|a Invasive species.
|2 cabt
|
| 650 |
|
7 |
|a Islands.
|2 cabt
|
| 650 |
|
7 |
|a Land management.
|2 cabt
|
| 650 |
|
7 |
|a Mollusca.
|2 cabt
|
| 650 |
|
7 |
|a Natural enemies.
|2 cabt
|
| 650 |
|
7 |
|a Pest control.
|2 cabt
|
| 650 |
|
7 |
|a Pest management.
|2 cabt
|
| 650 |
|
7 |
|a Pests.
|2 cabt
|
| 650 |
|
7 |
|a Plant diseases.
|2 cabt
|
| 650 |
|
7 |
|a Plant pathogens.
|2 cabt
|
| 650 |
|
7 |
|a Plant pests.
|2 cabt
|
| 650 |
|
7 |
|a Plants.
|2 cabt
|
| 650 |
|
7 |
|a Quarantine.
|2 cabt
|
| 650 |
|
7 |
|a Reptiles.
|2 cabt
|
| 650 |
|
7 |
|a Risk analysis.
|2 cabt
|
| 650 |
|
7 |
|a Vertebrate pests.
|2 cabt
|
| 650 |
|
7 |
|a Weeds.
|2 cabt
|
| 650 |
|
7 |
|a Woody plants.
|2 cabt
|
| 650 |
|
7 |
|a Woody weeds.
|2 cabt
|
| 655 |
|
7 |
|a Electronic books.
|2 local
|
| 690 |
|
|
|a FF500
|
| 690 |
|
|
|a FF610
|
| 690 |
|
|
|a FF620
|
| 690 |
|
|
|a HH000
|
| 690 |
|
|
|a HH700
|
| 690 |
|
|
|a KK100
|
| 690 |
|
|
|a MM300
|
| 690 |
|
|
|a PP700
|
| 690 |
|
|
|a ZZ331
|
| 690 |
|
|
|a ZZ332
|
| 700 |
1 |
|
|a Cock, Matthew J. W.,
|e editor.
|
| 700 |
1 |
|
|a Wittenberg, Rüdiger,
|e editor.
|
| 710 |
2 |
|
|a C.A.B. International,
|e issuing body.
|
| 710 |
2 |
|
|a Global Invasive Species Programme.
|
| 776 |
1 |
8 |
|i Print version:
|t Invasive alien species.
|d Wallingford, Oxon, UK ; New York : CABI Pub., c2001.
|z 0851995691
|w (DLC)2001043255
|
| 856 |
4 |
0 |
|u http://proxy.library.tamu.edu/login?url=https://dx.doi.org/10.1079/9780851995694.0000
|z Connect to the full text of this electronic book
|t 0
|
| 999 |
|
|
|a MARS
|
| 999 |
f |
f |
|s d41c0867-e259-357c-840a-ea14e6176553
|i 4dc3a301-1ada-3525-8877-5b6d00ab620b
|t 0
|
| 952 |
f |
f |
|a Texas A&M University
|b College Station
|c Electronic Resources
|d Available Online
|t 0
|e SB990 .I56 2001eb
|h Library of Congress classification
|
| 998 |
f |
f |
|a SB990 .I56 2001eb
|t 0
|l Available Online
|